NBA Hometowns Quiz - Statistics

General Stats
  • This quiz has been taken 37 times
    28 since last reset
  • The average score is 9 of 20
Answer Stats
Hint Answer % Correct
LeBron James Akron
100%
Steph Curry Charlotte
69%
Larry Bird French Lick
69%
Anthony Edwards Atlanta
63%
Jayson Tatum St. Louis
56%
DeMar DeRozan Compton
50%
Blake Griffin Oklahoma City
50%
Magic Johnson Lansing
44%
Wilt Chamberlain Philadelphia
44%
Jimmy Butler Houston
38%
Kareem Abdul-Jabbar New York City
38%
Gary Payton Oakland
38%
Bill Walton San Diego
38%
Kevin Durant Washington D.C.
38%
Kevin McHale Minneapolis
31%
Allen Iverson Richmond
31%
Isiah Thomas Chicago
25%
Jamal Crawford Seattle
25%
Rajon Rondo Louisville
19%
Patrick Ewing Boston
13%
No matching quizzes found
Score Distribution
Percent of People with Each Score
Percentile by Number Answered
Your Score History
You have not taken this quiz since the last reset